[Event "Titled Tuesday 2021.05.11"]
[Site "chess.com INT"]
[Date "2021.05.11"]
[Round "8"]
[White "Nygren, K."]
[Black "Yang, Kaiqi"]
[Result "1-0"]
[WhiteElo "2232"]
[BlackElo "2481"]
[PlyCount "91"]
[EventDate "2021.05.11"]
[EventType "swiss (blitz)"]
[EventRounds "11"]
[EventCountry "NET"]
[Source "Mark Crowther"]
[SourceDate "2021.05.17"]

1. e4 e6 2. d4 d5 3. Nc3 Bb4 4. e5 Qd7 5. Qg4 Bf8 6. h4 b6 7. Bb5 c6 8. Bd3 Ba6
9. Rh3 Ne7 10. Nge2 h5 11. Qg5 Bxd3 12. Rxd3 Nf5 13. g3 Na6 14. a3 c5 15. Be3
c4 16. Rd2 Nc7 17. Qf4 b5 18. Kf1 a5 19. Ng1 b4 20. axb4 axb4 21. Rxa8+ Nxa8
22. Nce2 Nc7 23. Kg2 Be7 24. Qf3 Nb5 25. Nf4 g6 26. Qd1 c3 27. bxc3 Nxc3 28.
Qa1 O-O 29. Rd3 Qb7 30. Nge2 Ra8 31. Qe1 Nb5 32. Rb3 Qa7 33. Nd3 Qc7 34. Nxb4
Qc4 35. Nd3 Nbxd4 36. Nxd4 Nxd4 37. Rc3 Qa4 38. Rc7 Bf8 39. Nf4 Nf5 40. Qd1 d4
41. Nxh5 dxe3 42. Nf6+ Kg7 43. h5 exf2 44. h6+ Kxh6 45. Qh1+ Kg5 46. Nh7+ 1-0

[Event "Titled Tuesday 2021.05.11"]
[Site "chess.com INT"]
[Date "2021.05.11"]
[Round "9"]
[White "Yang, Kaiqi"]
[Black "Vega Gutierrez, S."]
[Result "1-0"]
[WhiteElo "2481"]
[BlackElo "2392"]
[PlyCount "85"]
[EventDate "2021.05.11"]
[EventType "swiss (blitz)"]
[EventRounds "11"]
[EventCountry "NET"]
[Source "Mark Crowther"]
[SourceDate "2021.05.17"]

1. e4 c5 2. Nf3 Nc6 3. Bb5 e6 4. O-O Nge7 5. d4 cxd4 6. Nxd4 a6 7. Bxc6 Nxc6 8.
c4 Be7 9. Nc3 O-O 10. Be3 Qc7 11. Rc1 Ne5 12. b3 d6 13. f4 Nd7 14. f5 Ne5 15.
Qh5 Bf6 16. Kh1 Bd7 17. g4 g6 18. Qh3 Nc6 19. Nde2 Qd8 20. Rcd1 Qe7 21. Bh6
Rfd8 22. Rf2 Ne5 23. Rdf1 exf5 24. Nd5 Nxg4 25. Nxe7+ Bxe7 26. Rg2 Bc6 27. Nc3
b5 28. Nd5 Bxd5 29. cxd5 Nxh6 30. Qxh6 fxe4 31. Qe3 Re8 32. Qxe4 Bf8 33. Qf4
Ra7 34. h4 Re5 35. Rg5 Bg7 36. Rxe5 Bxe5 37. Qe3 Re7 38. Kg2 f5 39. h5 Bf6 40.
Qb6 Kg7 41. hxg6 Re2+ 42. Rf2 Rxa2 43. Rxa2 1-0

[Event "Titled Tuesday 2021.05.11"]
[Site "chess.com INT"]
[Date "2021.05.11"]
[Round "11"]
[White "Yang, Kaiqi"]
[Black "Pantzar, Milton"]
[Result "0-1"]
[WhiteElo "2481"]
[BlackElo "2421"]
[PlyCount "178"]
[EventDate "2021.05.11"]
[EventType "swiss (blitz)"]
[EventRounds "11"]
[EventCountry "NET"]
[Source "Mark Crowther"]
[SourceDate "2021.05.17"]

1. e4 c5 2. Nf3 d6 3. Bb5+ Bd7 4. Bxd7+ Qxd7 5. c4 Nc6 6. Nc3 g6 7. d4 cxd4 8.
Nxd4 Bg7 9. Be3 Nf6 10. f3 O-O 11. O-O Rfc8 12. b3 Rab8 13. Rc1 a6 14. Qd3 Nxd4
15. Bxd4 b5 16. cxb5 axb5 17. Nd5 Nxd5 18. exd5 Bxd4+ 19. Qxd4 Ra8 20. Rxc8+
Qxc8 21. a4 bxa4 22. bxa4 Ra5 23. Re1 Qb7 24. Qe4 Qa7+ 25. Kf1 Rxa4 26. Qxe7
Qxe7 27. Rxe7 Rd4 28. Ke2 Rxd5 29. Ra7 Rb5 30. Rd7 Rb2+ 31. Kf1 Rd2 32. h4 h5
33. g3 Kg7 34. Ke1 Rg2 35. Rxd6 Rxg3 36. Kf2 Rh3 37. Rd4 Rh2+ 38. Kg3 Ra2 39.
Rb4 Ra1 40. Rc4 Rg1+ 41. Kf2 Ra1 42. Kg3 Rd1 43. Rb4 Kf6 44. Rb6+ Ke5 45. Rb5+
Rd5 46. Rb4 Ke6 47. Re4+ Re5 48. Ra4 f6 49. Ra6+ Kf5 50. Ra4 g5 51. Rb4 Rd5 52.
Ra4 Rd3 53. Ra5+ Kg6 54. hxg5 fxg5 55. Ra6+ Kf5 56. Ra5+ Kf6 57. Ra6+ Ke5 58.
Ra5+ Rd5 59. Ra4 Kf5 60. Rb4 h4+ 61. Kh3 Rd1 62. Kg2 Rd2+ 63. Kh3 Rf2 64. Rb3
Kf4 65. Rb4+ Kxf3 66. Rb3+ Kf4 67. Rb4+ Kf5 68. Rb5+ Kg6 69. Rb6+ Kh5 70. Ra6
Rf3+ 71. Kg2 Rf4 72. Ra5 Kg4 73. Ra3 h3+ 74. Kh2 Rf2+ 75. Kg1 Re2 76. Ra4+ Kf3
77. Ra3+ Re3 78. Ra2 g4 79. Rf2+ Kg3 80. Rf1 Re2 81. Ra1 Re3 82. Rb1 Kh4 83.
Kh2 g3+ 84. Kg1 h2+ 85. Kg2 Re2+ 86. Kf3 Rf2+ 87. Ke3 Kh3 88. Rb8 Kg2 89. Rh8
h1=Q 0-1

[Event "Titled Tuesday 2021.05.04"]
[Site "chess.com INT"]
[Date "2021.05.04"]
[Round "10"]
[White "Yang, Kaiqi"]
[Black "Eynullayev, Atilla"]
[Result "1-0"]
[WhiteElo "2481"]
[BlackElo "2347"]
[PlyCount "69"]
[EventDate "2021.05.04"]
[EventType "swiss (blitz)"]
[EventRounds "11"]
[EventCountry "NET"]
[Source "Mark Crowther"]
[SourceDate "2021.05.10"]

1. d4 Nf6 2. Nf3 e6 3. e3 b6 4. Bd3 Bb7 5. b3 d5 6. Bb2 g6 7. Nbd2 Bg7 8. Ne5
O-O 9. O-O Nfd7 10. f4 f6 11. Nef3 c5 12. c4 cxd4 13. Nxd4 Nc5 14. Be2 e5 15.
N4f3 e4 16. Nd4 Qe7 17. cxd5 Bxd5 18. Bc4 Bxc4 19. Nxc4 Nd3 20. Ba3 Nc5 21. b4
Nd3 22. b5 Nc5 23. Rc1 Nbd7 24. Nc6 Qe6 25. f5 gxf5 26. Nd4 Qf7 27. Nxf5 Ne5
28. Nxe5 fxe5 29. Nh6+ Bxh6 30. Rxf7 Rxf7 31. Bxc5 bxc5 32. Qb3 Raf8 33. a4 Kg7
34. h3 Rd7 35. Kh2 1-0

[Event "Titled Tuesday 2021.04.13"]
[Site "chess.com INT"]
[Date "2021.04.13"]
[Round "1"]
[White "Svicevic, R."]
[Black "Yang, Kaiqi"]
[Result "0-1"]
[WhiteElo "2223"]
[BlackElo "2481"]
[PlyCount "28"]
[EventDate "2021.04.13"]
[EventType "swiss (blitz)"]
[EventRounds "11"]
[EventCountry "NET"]
[Source "Mark Crowther"]
[SourceDate "2021.04.19"]

1. d4 d5 2. Bg5 f6 3. Bh4 Nh6 4. f3 c5 5. dxc5 e5 6. e4 d4 7. b4 a5 8. c3 dxc3
9. Qxd8+ Kxd8 10. Nxc3 axb4 11. O-O-O+ Nd7 12. Nd5 Rxa2 13. Nxf6 Ra1+ 14. Kc2
b3+ 0-1

[Event "Titled Tuesday 2021.04.13"]
[Site "chess.com INT"]
[Date "2021.04.13"]
[Round "2"]
[White "Kukhmazov, A."]
[Black "Yang, Kaiqi"]
[Result "1/2-1/2"]
[WhiteElo "2451"]
[BlackElo "2481"]
[PlyCount "130"]
[EventDate "2021.04.13"]
[EventType "swiss (blitz)"]
[EventRounds "11"]
[EventCountry "NET"]
[Source "Mark Crowther"]
[SourceDate "2021.04.19"]

1. d4 d5 2. c4 c6 3. Nf3 Nf6 4. Qc2 dxc4 5. Qxc4 Bf5 6. Nc3 Nbd7 7. g3 e6 8.
Bg2 Be7 9. O-O O-O 10. Re1 Ne4 11. Qb3 Qb6 12. Nh4 Bxh4 13. Nxe4 Be7 14. Qxb6
axb6 15. Nc3 b5 16. e4 Bg6 17. Be3 Nb6 18. Ne2 Nc4 19. Bc1 h6 20. b3 Na3 21.
Bxa3 Rxa3 22. Nf4 Bh7 23. d5 exd5 24. exd5 Bf6 25. Rac1 Rxa2 26. dxc6 bxc6 27.
Bxc6 b4 28. Bd5 g5 29. Re2 Ra5 30. Nh5 Bc3 31. Rd1 Bg6 32. g4 Kh7 33. Bc4 Rc5
34. Rd7 Rxc4 35. bxc4 b3 36. Rb7 b2 37. Rexb2 Bxb2 38. Rxb2 Rc8 39. Rb4 Bxh5
40. gxh5 Kg7 41. Kg2 Kf6 42. Kf3 Ke5 43. Rb5+ Kd4 44. Rd5+ Kxc4 45. Rd6 Rh8 46.
Ke4 Re8+ 47. Kf5 Re2 48. Rxh6 Rxf2+ 49. Kxg5 Rxh2 50. Rd6 Kc5 51. Rd1 f5 52. h6
f4 53. Kg6 f3 54. h7 f2 55. Kg7 Kc4 56. Rf1 Rg2+ 57. Kf6 Rh2 58. Kg7 Rg2+ 59.
Kh8 Kd3 60. Ra1 Ke2 61. Ra2+ Ke3 62. Ra1 Ke2 63. Ra2+ Kf3 64. Ra1 Rg1 65. Rxg1
fxg1=Q 1/2-1/2

[Event "Titled Tuesday 2021.04.13"]
[Site "chess.com INT"]
[Date "2021.04.13"]
[Round "3"]
[White "Yang, Kaiqi"]
[Black "Corrales Jimenez, F."]
[Result "0-1"]
[WhiteElo "2481"]
[BlackElo "2532"]
[PlyCount "158"]
[EventDate "2021.04.13"]
[EventType "swiss (blitz)"]
[EventRounds "11"]
[EventCountry "NET"]
[Source "Mark Crowther"]
[SourceDate "2021.04.19"]

1. e4 c5 2. Nf3 d6 3. d4 cxd4 4. Nxd4 Nf6 5. Nc3 a6 6. Qd3 e5 7. Nf5 Be6 8. Bg5
Bxf5 9. exf5 Nbd7 10. O-O-O Be7 11. Kb1 Rc8 12. f3 b5 13. a3 O-O 14. g4 Qa5 15.
Bd2 b4 16. axb4 Qd8 17. g5 e4 18. fxe4 Ne5 19. Qd4 Nfd7 20. h4 Re8 21. f6 Bf8
22. Nd5 Rb8 23. Be2 a5 24. bxa5 Nc5 25. Rhf1 Nc6 26. Qg1 Nxe4 27. fxg7 Bxg7 28.
Nf6+ Kh8 29. Bd3 Nxd2+ 30. Rxd2 Qxa5 31. Rdf2 Nb4 32. Bc4 Rec8 33. Bb3 Ra8 34.
Kc1 Nd3+ 35. Kd1 Nxb2+ 36. Ke2 Rc3 37. Rf3 Nc4 38. Kf2 Nd2 39. Kg3 Nxf1+ 40.
Qxf1 Qe5+ 41. Kg2 Bxf6 42. Rxc3 Qxc3 43. Qxf6+ Qxf6 44. gxf6 Kg8 45. Kf3 Ra5
46. Kf4 Kf8 47. Kg4 h6 48. h5 Re5 49. c3 Rg5+ 50. Kh4 Re5 51. Bc2 Re6 52. Bb3
Rxf6 53. Kg4 Ke7 54. Bd5 Rf2 55. c4 Rd2 56. Kg3 Rd4 57. Kf3 f5 58. Kg3 Rg4+ 59.
Kf3 Kf6 60. Ke3 Ke5 61. Bf7 Rg5 62. Kf3 f4 63. Kf2 Rg3 64. Bd5 Rc3 65. Ke2 Kd4
66. Kf2 Ke5 67. Ke2 Kf5 68. Kf2 Kg5 69. Bf7 Re3 70. Kg2 Kg4 71. Kf2 Re5 72. Bg6
f3 73. Bf7 Kf4 74. Kf1 Re2 75. Bd5 Rc2 76. Ke1 Ke3 77. Kd1 Rc3 78. Be6 f2 79.
Bh3 Rxc4 0-1

[Event "Titled Tuesday 2021.04.13"]
[Site "chess.com INT"]
[Date "2021.04.13"]
[Round "4"]
[White "Mickiewicz, P."]
[Black "Yang, Kaiqi"]
[Result "0-1"]
[WhiteElo "2247"]
[BlackElo "2481"]
[PlyCount "156"]
[EventDate "2021.04.13"]
[EventType "swiss (blitz)"]
[EventRounds "11"]
[EventCountry "NET"]
[Source "Mark Crowther"]
[SourceDate "2021.04.19"]

1. Nf3 d5 2. b3 Nf6 3. Bb2 e6 4. c4 Be7 5. Qc2 c5 6. e3 Nc6 7. a3 d4 8. exd4
Nxd4 9. Nxd4 cxd4 10. b4 e5 11. d3 O-O 12. Be2 a5 13. b5 Nd7 14. O-O Nc5 15.
Nd2 a4 16. Bf3 Bf5 17. Ne4 Nb3 18. Rad1 Bg6 19. Rfe1 Rc8 20. Nd2 Nc5 21. Ne4
Nb3 22. g3 Qd7 23. h4 Qxb5 24. h5 Bxe4 25. Bxe4 Qd7 26. Qe2 h6 27. Kg2 Nc5 28.
Bd5 Bd6 29. Rh1 Rce8 30. Rde1 Kh8 31. Bc1 f5 32. Rh4 b5 33. Bd2 bxc4 34. Bxc4
e4 35. Bb4 exd3 36. Qd1 Qc6+ 37. Kg1 Rxe1+ 38. Qxe1 Ne4 39. Bxd3 Bxb4 40. Qxb4
Re8 41. Qxd4 Ng5 42. Rf4 Nf3+ 43. Rxf3 Qxf3 44. Bf1 f4 45. gxf4 Rf8 46. Qxa4
Qxf4 47. Qxf4 Rxf4 48. Bd3 Rf3 49. Bg6 Rxa3 50. Kg2 Kg8 51. f3 Kf8 52. Kg3 Ke7
53. Be4 Kf6 54. Bg6 Kg5 55. Be8 Ra1 56. Bg6 Rg1+ 57. Kh2 Rf1 58. Kg3 Ra1 59.
Bf7 Rg1+ 60. Kh2 Rf1 61. Kg3 Rh1 62. Be8 Rh4 63. Bf7 Rf4 64. Bg6 Ra4 65. Bf7
Kf6 66. Bg6 Ke5 67. Bf7 Ra1 68. Bg6 Rg1+ 69. Kf2 Rxg6 70. hxg6 Kf6 71. Kg3 Kxg6
72. Kg4 Kf6 73. f4 g6 74. Kg3 Kf5 75. Kf3 h5 76. Kg3 Ke4 77. f5 Kxf5 78. Kh4
Kf4 0-1

[Event "Titled Tuesday 2021.04.13"]
[Site "chess.com INT"]
[Date "2021.04.13"]
[Round "5"]
[White "Yang, Kaiqi"]
[Black "Eljanov, P."]
[Result "0-1"]
[WhiteElo "2481"]
[BlackElo "2672"]
[PlyCount "90"]
[EventDate "2021.04.13"]
[EventType "swiss (blitz)"]
[EventRounds "11"]
[EventCountry "NET"]
[Source "Mark Crowther"]
[SourceDate "2021.04.19"]

1. e4 c6 2. d4 d5 3. exd5 cxd5 4. Bd3 Nf6 5. h3 Nc6 6. c3 g6 7. Qc2 e5 8. dxe5
Nxe5 9. Bb5+ Bd7 10. Bxd7+ Qxd7 11. Ne2 Bc5 12. O-O O-O 13. Nd2 Bb6 14. Nb3 Nc6
15. Qd3 Rfe8 16. Ned4 Ne5 17. Qd1 Nc4 18. a4 Ne4 19. a5 Bc7 20. Nf3 a6 21. Qd3
Qd6 22. Nbd4 Nxa5 23. Re1 Nc4 24. b3 Ne5 25. Nxe5 Qxe5 26. g3 Qf6 27. Re2 Nc5
28. Qd1 Re4 29. Rxe4 Nxe4 30. Be3 Re8 31. Qd3 h5 32. Ra2 h4 33. g4 Qe5 34. Nf3
Qxc3 35. Qxc3 Nxc3 36. Rc2 Ba5 37. Bd4 Ne2+ 38. Kg2 Nxd4 39. Nxd4 Re4 40. Nf3
Rb4 41. Rd2 Rxb3 42. Rxd5 Bb6 43. Rd7 Rb2 44. Ng5 Rxf2+ 45. Kh1 Be3 0-1

[Event "Titled Tuesday 2021.04.13"]
[Site "chess.com INT"]
[Date "2021.04.13"]
[Round "6"]
[White "Kaminski, V."]
[Black "Yang, Kaiqi"]
[Result "0-1"]
[WhiteElo "2247"]
[BlackElo "2481"]
[PlyCount "160"]
[EventDate "2021.04.13"]
[EventType "swiss (blitz)"]
[EventRounds "11"]
[EventCountry "NET"]
[Source "Mark Crowther"]
[SourceDate "2021.04.19"]

1. Nf3 Nf6 2. c4 c6 3. Nc3 d5 4. cxd5 cxd5 5. d4 Nc6 6. Bf4 a6 7. e3 Bg4 8. Be2
e6 9. O-O Bd6 10. Bg3 Bxg3 11. hxg3 O-O 12. Rc1 Rc8 13. Nd2 Bxe2 14. Qxe2 Qe7
15. Nb3 e5 16. dxe5 Qxe5 17. Rfd1 Rfd8 18. Nd4 h5 19. Rd2 Rd6 20. Rcd1 Rcd8 21.
Nxc6 Rxc6 22. Rd4 Rcd6 23. Qd3 g6 24. Qe2 Kg7 25. Qf3 Ne4 26. Qf4 Qxf4 27. gxf4
Nxc3 28. bxc3 Kf6 29. c4 Ke6 30. c5 Rc6 31. Rb1 Rd7 32. e4 Rxc5 33. Rb6+ Rc6
34. exd5+ Rxd5 35. Rxc6+ bxc6 36. Ra4 a5 37. g3 Kf5 38. Kg2 Ke6 39. Kf3 Kd6 40.
g4 hxg4+ 41. Kxg4 Rb5 42. Rd4+ Ke6 43. a4 Rd5 44. Rc4 Kd6 45. f3 c5 46. Rc1 Rd4
47. Kg5 Rxa4 48. f5 gxf5 49. Kxf5 Rd4 50. Ra1 a4 51. f4 Kd5 52. Ra3 Kc6 53. Ke5
Kb5 54. f5 Kb4 55. Ra1 a3 56. Kf6 Rf4 57. Ke5 Rf2 58. f6 a2 59. Kd6 c4 60. Ke7
Kb3 61. Kxf7 Kb2 62. Rg1 a1=Q 63. Rxa1 Kxa1 64. Ke7 c3 65. f7 c2 66. f8=Q Rxf8
67. Kxf8 c1=Q 68. Ke7 Qd2 69. Ke6 Qd4 70. Kf5 Qe3 71. Kf6 Qe4 72. Kg5 Qf3 73.
Kg6 Qf4 74. Kh5 Qg3 75. Kh6 Kb2 76. Kh7 Kc3 77. Kh8 Kd4 78. Kh7 Ke5 79. Kh8 Kf6
80. Kh7 Qg7# 0-1

[Event "Titled Tuesday 2021.04.13"]
[Site "chess.com INT"]
[Date "2021.04.13"]
[Round "7"]
[White "Yang, Kaiqi"]
[Black "Karavaeva, O."]
[Result "1/2-1/2"]
[WhiteElo "2481"]
[BlackElo "2260"]
[PlyCount "63"]
[EventDate "2021.04.13"]
[EventType "swiss (blitz)"]
[EventRounds "11"]
[EventCountry "NET"]
[Source "Mark Crowther"]
[SourceDate "2021.04.19"]

1. d4 d5 2. Bf4 c6 3. e3 Bf5 4. c4 e6 5. Qb3 Qb6 6. c5 Qxb3 7. axb3 Nd7 8. b4
Bxb1 9. Rxb1 a6 10. Nf3 Ne7 11. Be2 Ng6 12. Bg3 Be7 13. h4 h5 14. Bd3 O-O 15.
Bxg6 fxg6 16. Ra1 Rf5 17. Ke2 Raf8 18. Ne1 e5 19. dxe5 Nxe5 20. Bxe5 Rxe5 21.
Nd3 Re6 22. Kd2 Re4 23. g3 d4 24. exd4 Rxd4 25. Kc2 Rf3 26. Rad1 Bf6 27. Rhe1
Kf7 28. Re2 Rc4+ 29. Kb3 Rd4 30. Kc2 Rc4+ 31. Kb1 Rd4 32. Kc2 1/2-1/2

[Event "Titled Tuesday 2021.04.13"]
[Site "chess.com INT"]
[Date "2021.04.13"]
[Round "8"]
[White "Yang, Kaiqi"]
[Black "Skuhala, B."]
[Result "1/2-1/2"]
[WhiteElo "2481"]
[BlackElo "2077"]
[PlyCount "125"]
[EventDate "2021.04.13"]
[EventType "swiss (blitz)"]
[EventRounds "11"]
[EventCountry "NET"]
[Source "Mark Crowther"]
[SourceDate "2021.04.19"]

1. d4 Nf6 2. Nf3 d5 3. e3 Bf5 4. c4 c6 5. Nc3 e6 6. Nh4 Be4 7. f3 Bg6 8. g3 Bd6
9. Bd2 O-O 10. Nxg6 hxg6 11. Rc1 Nbd7 12. f4 c5 13. cxd5 exd5 14. Bg2 cxd4 15.
Nxd5 Nxd5 16. Bxd5 dxe3 17. Bxe3 Re8 18. Kf2 Nf6 19. Re1 Nxd5 20. Qxd5 Bb4 21.
Red1 Qe7 22. Qb3 b6 23. Rd3 Bc5 24. Rc2 a5 25. a4 Rad8 26. Re2 Rxd3 27. Qxd3
Rd8 28. Qb3 Qd6 29. Bxc5 Qxc5+ 30. Qe3 Qxe3+ 31. Kxe3 Kf8 32. Rd2 Rb8 33. Kd4
b5 34. axb5 Rxb5 35. Kc4 Rb4+ 36. Kc3 Rb5 37. b3 g5 38. Rd4 gxf4 39. Rxf4 g6
40. h4 Kg7 41. g4 f6 42. Rd4 Kf7 43. Rd7+ Kf8 44. Ra7 Rb4 45. Rxa5 Rxg4 46. h5
g5 47. Ra7 Rh4 48. Rh7 Kg8 49. Rh6 Kg7 50. Rg6+ Kf7 51. Rh6 f5 52. b4 g4 53.
Kd2 f4 54. Ke2 Rh2+ 55. Kf1 g3 56. Rg6 Rb2 57. Rg4 Rxb4 58. h6 Rb1+ 59. Kg2
Rb2+ 60. Kg1 Rb1+ 61. Kg2 Rb2+ 62. Kg1 Rb1+ 63. Kg2 1/2-1/2

[Event "Titled Tuesday 2021.04.13"]
[Site "chess.com INT"]
[Date "2021.04.13"]
[Round "9"]
[White "Bersamina, Paulo"]
[Black "Yang, Kaiqi"]
[Result "1-0"]
[WhiteElo "2462"]
[BlackElo "2481"]
[PlyCount "135"]
[EventDate "2021.04.13"]
[EventType "swiss (blitz)"]
[EventRounds "11"]
[EventCountry "NET"]
[Source "Mark Crowther"]
[SourceDate "2021.04.19"]

1. e4 e6 2. d4 d5 3. Nc3 Nf6 4. Bg5 dxe4 5. Nxe4 Be7 6. Bxf6 gxf6 7. g3 f5 8.
Nc3 c5 9. dxc5 Bxc5 10. Qxd8+ Kxd8 11. Bg2 Ke7 12. Nh3 Nd7 13. O-O-O Nf6 14.
Rhe1 Rd8 15. Rxd8 Kxd8 16. Ng5 Ke7 17. f4 Rb8 18. a3 Bd7 19. b4 Bf2 20. Re2 Bd4
21. Nd5+ Nxd5 22. Bxd5 Bb5 23. c4 Rc8 24. Kc2 Bxc4 25. Bxc4 Rxc4+ 26. Kd3 b5
27. a4 Bg7 28. axb5 Rxb4 29. Ra2 Bd4 30. Nf3 Bb6 31. Ne5 Rxb5 32. Kc4 Rb1 33.
Nc6+ Kd6 34. Ne5 Ke7 35. Kd3 h5 36. Ke2 Rh1 37. Kf3 Rb1 38. Rd2 Kf6 39. Nd7+
Kg7 40. Ne5 a5 41. Rd7 a4 42. Rxf7+ Kg8 43. Re7 a3 44. Re8+ Kg7 45. Ra8 Rb3+
46. Kg2 Bd4 47. Nc6 Bc3 48. Kh3 Kf7 49. Nd8+ Ke7 50. Nc6+ Kd6 51. Nd8 Kc7 52.
Nxe6+ Kb7 53. Ra4 Bb4 54. Nd4 Rb1 55. Nc2 Bc5 56. Nxa3 Ra1 57. Ra5 Bxa3 58.
Rxf5 Kc6 59. Rxh5 Kd6 60. Ra5 Ke6 61. Kg4 Bb2 62. Rxa1 Bxa1 63. Kg5 Kf7 64. Kh6
Bg7+ 65. Kh7 Bd4 66. g4 Be3 67. g5 Bxf4 68. g6+ 1-0

[Event "PNWCC Online Blitz JP 23"]
[Site "chess.com INT"]
[Date "2021.04.11"]
[Round "2"]
[White "He, Anthony"]
[Black "Yang, Kaiqi"]
[Result "0-1"]
[WhiteElo "2337"]
[BlackElo "2481"]
[PlyCount "74"]
[EventDate "2021.04.11"]
[EventType "swiss (blitz)"]
[EventRounds "12"]
[EventCountry "NET"]
[Source "Mark Crowther"]
[SourceDate "2021.04.12"]

1. d4 e6 2. c4 f5 3. g3 Nf6 4. Bg2 d5 5. Nf3 c6 6. O-O Bd6 7. b3 Qe7 8. Bb2 O-O
9. Nbd2 a5 10. a3 Ne4 11. e3 Nd7 12. Ne1 b6 13. Ndf3 Ba6 14. Qc2 a4 15. bxa4
Bxc4 16. Nd3 Ra7 17. Rfc1 Rfa8 18. Nde5 Nxe5 19. dxe5 Bc5 20. Nd4 Rxa4 21. Nxc6
Qd7 22. Nd4 Bxa3 23. Bxa3 Rxa3 24. Rxa3 Rxa3 25. Qb1 b5 26. Qb4 Ra4 27. Qb1 Nc5
28. Rd1 b4 29. Bf3 b3 30. g4 fxg4 31. Bxg4 Ra6 32. Kh1 Ne4 33. Nxe6 Nxf2+ 34.
Kg2 Nxd1 35. Qf5 Rxe6 36. Qxe6+ Qxe6 37. Bxe6+ Kf8 0-1

[Event "PNWCC Online Blitz JP 23"]
[Site "chess.com INT"]
[Date "2021.04.11"]
[Round "3"]
[White "Sjugirov, S."]
[Black "Yang, Kaiqi"]
[Result "1-0"]
[WhiteElo "2663"]
[BlackElo "2481"]
[PlyCount "45"]
[EventDate "2021.04.11"]
[EventType "swiss (blitz)"]
[EventRounds "12"]
[EventCountry "NET"]
[Source "Mark Crowther"]
[SourceDate "2021.04.12"]

1. e4 e6 2. d4 d5 3. e5 c5 4. c3 Nc6 5. Nf3 Bd7 6. Be2 Nge7 7. O-O cxd4 8. cxd4
Nf5 9. Nc3 Rc8 10. Kh1 Na5 11. Bd3 Ne7 12. Nb5 Bxb5 13. Bxb5+ Nac6 14. Bd2 Qb6
15. Bd3 Ng6 16. b4 Bxb4 17. Rb1 Qa5 18. Rxb4 Nxb4 19. Qb3 Nf4 20. Bxb4 Qb6 21.
Qa4+ Rc6 22. Bb5 Kd7 23. Ba5 1-0

[Event "PNWCC Online Blitz JP 23"]
[Site "chess.com INT"]
[Date "2021.04.11"]
[Round "4"]
[White "Yang, Kaiqi"]
[Black "Bian, Erin"]
[Result "1-0"]
[WhiteElo "2481"]
[BlackElo "1485"]
[PlyCount "113"]
[EventDate "2021.04.11"]
[EventType "swiss (blitz)"]
[EventRounds "12"]
[EventCountry "NET"]
[Source "Mark Crowther"]
[SourceDate "2021.04.12"]

1. d4 Nf6 2. Nf3 c5 3. e3 e6 4. Bd3 d5 5. b3 Nc6 6. Bb2 Be7 7. Nbd2 O-O 8. O-O
b6 9. Ne5 Bb7 10. f4 cxd4 11. exd4 Rc8 12. a3 Bd6 13. Qe2 Ne7 14. Rf3 Qc7 15.
Rh3 Ng6 16. Rf1 Bxe5 17. fxe5 Ne4 18. Qh5 h6 19. Bc1 Qe7 20. Nf3 a6 21. Bxh6
gxh6 22. Qxh6 f6 23. Qxg6+ Qg7 24. Qh5 b5 25. Bxe4 dxe4 26. Rg3 exf3 27. Rxg7+
Kxg7 28. gxf3 Rh8 29. Qg4+ Kf7 30. Kh1 Rxc2 31. h3 Rg8 32. Qh5+ Kf8 33. Rg1
Rxg1+ 34. Kxg1 Rc1+ 35. Kf2 Rc2+ 36. Kg3 Kg7 37. exf6+ Kxf6 38. Qe5+ Kf7 39. h4
Rc3 40. Qf4+ Ke7 41. h5 Rxf3+ 42. Qxf3 Bxf3 43. Kxf3 Kf6 44. Ke4 Kg5 45. Ke5
Kxh5 46. Kxe6 Kg4 47. d5 Kf4 48. d6 Ke4 49. d7 Kd3 50. d8=Q+ Kc3 51. Qd5 Kb2
52. Kd6 Ka1 53. Kc5 b4 54. Kxb4 a5+ 55. Kc3 a4 56. Qd2 axb3 57. Qb2# 1-0

[Event "PNWCC Online Blitz JP 23"]
[Site "chess.com INT"]
[Date "2021.04.11"]
[Round "5"]
[White "Yang, Kaiqi"]
[Black "Ter Sahakyan, S."]
[Result "1-0"]
[WhiteElo "2481"]
[BlackElo "2645"]
[PlyCount "155"]
[EventDate "2021.04.11"]
[EventType "swiss (blitz)"]
[EventRounds "12"]
[EventCountry "NET"]
[Source "Mark Crowther"]
[SourceDate "2021.04.12"]

1. e4 c5 2. Nf3 d6 3. d4 cxd4 4. Nxd4 Nf6 5. Nc3 a6 6. Qd3 g6 7. Bg5 Bg7 8.
O-O-O O-O 9. f4 Nbd7 10. Be2 Qc7 11. Kb1 b5 12. Bf3 Bb7 13. Nd5 Nxd5 14. exd5
Nb6 15. Rhe1 Rfe8 16. Nc6 Bxc6 17. dxc6 Rac8 18. c3 Rcd8 19. f5 d5 20. h4 Qxc6
21. Bxe7 Rc8 22. h5 gxf5 23. Qxf5 b4 24. Bxb4 a5 25. Bxa5 Qb5 26. Bxb6 Qxb6 27.
Bxd5 Kh8 28. Bxf7 Rf8 29. Rf1 Bxc3 30. Qc2 Bg7 31. Qb3 Qh6 32. Rf2 Rb8 33. Qa3
Qb6 34. Rdd2 Rfd8 35. Qb3 Qxb3 36. axb3 Rf8 37. Bc4 Rfe8 38. Kc2 Re3 39. Rf7
Rg3 40. Rdf2 Rd8 41. R7f3 Rg5 42. Rf5 Rg3 43. Bd5 Rc8+ 44. Bc4 Rg4 45. Kb1 Rg3
46. Re2 Rd8 47. Rd5 Rb8 48. Rd7 Rg5 49. Bd5 Rxh5 50. Ree7 Rg5 51. b4 h5 52. Rb7
Rd8 53. Be4 h4 54. b5 Rg3 55. Rbd7 Rb8 56. Bc6 Rg4 57. Rd2 Rb4 58. Re8+ Rxe8
59. Bxe8 Kg8 60. Bc6 Kf8 61. Re2 Bf6 62. Ka2 Kg7 63. Ka3 Rc4 64. Kb3 Rc1 65.
Be4 Bd4 66. Bc2 Kf6 67. Re4 Bb6 68. Rxh4 Kg5 69. Re4 Rg1 70. Re2 Rf1 71. Be4
Rf6 72. Bf3 Kf4 73. Rc2 Be3 74. Rc6 Rf8 75. Kc4 Rd8 76. b6 Rd2 77. b7 Rxb2 78.
Rc8 1-0

[Event "PNWCC Online Blitz JP 23"]
[Site "chess.com INT"]
[Date "2021.04.11"]
[Round "6"]
[White "Eljanov, P."]
[Black "Yang, Kaiqi"]
[Result "1/2-1/2"]
[WhiteElo "2672"]
[BlackElo "2481"]
[PlyCount "76"]
[EventDate "2021.04.11"]
[EventType "swiss (blitz)"]
[EventRounds "12"]
[EventCountry "NET"]
[Source "Mark Crowther"]
[SourceDate "2021.04.12"]

1. Nf3 Nf6 2. c4 c6 3. d4 d5 4. e3 e6 5. Bd3 Nbd7 6. O-O Bd6 7. Nc3 dxc4 8.
Bxc4 b5 9. Bb3 O-O 10. e4 e5 11. Be3 Qe7 12. h3 Bb7 13. Qc2 a5 14. dxe5 Nxe5
15. Nxe5 Bxe5 16. a4 Bxc3 17. bxc3 Qxe4 18. Rfe1 Qxc2 19. Bxc2 Nd5 20. Bd4 b4
21. cxb4 Nxb4 22. Bb3 Rfe8 23. Bb6 Rxe1+ 24. Rxe1 Nd5 25. Bxa5 h5 26. Bd2 c5
27. Re5 Rd8 28. a5 g6 29. a6 Ba8 30. a7 Kg7 31. Bc1 f6 32. Re6 Rd7 33. Ra6 Nb4
34. Ra4 Nc6 35. Be3 Rxa7 36. Rxa7+ Nxa7 37. Bxc5 Nb5 38. f3 Nc7 1/2-1/2

[Event "PNWCC Online Blitz JP 23"]
[Site "chess.com INT"]
[Date "2021.04.11"]
[Round "7"]
[White "Xiong, Jeffery"]
[Black "Yang, Kaiqi"]
[Result "1-0"]
[WhiteElo "2709"]
[BlackElo "2481"]
[PlyCount "63"]
[EventDate "2021.04.11"]
[EventType "swiss (blitz)"]
[EventRounds "12"]
[EventCountry "NET"]
[Source "Mark Crowther"]
[SourceDate "2021.04.12"]

1. e4 e6 2. d4 d5 3. exd5 exd5 4. Nf3 Nf6 5. Bd3 c5 6. O-O c4 7. Re1+ Be7 8.
Bf1 Nc6 9. b3 cxb3 10. axb3 O-O 11. Nc3 Bg4 12. Re3 Rc8 13. h3 Bxf3 14. Rxf3
Ne4 15. Ne2 Bg5 16. c3 Bxc1 17. Qxc1 a5 18. g3 h6 19. Bg2 b5 20. Qf4 Qg5 21.
Qxg5 hxg5 22. Rf5 Rfd8 23. Bxe4 dxe4 24. Rxb5 Rb8 25. Rc5 Rd6 26. Ra3 f6 27. g4
Kf7 28. Ng3 Re8 29. Nf5 Rde6 30. d5 Re5 31. Nd6+ Kg6 32. Nxe8 1-0